top 10 best basketball players ever - Statistics

General Stats
  • This quiz has been taken 337 times
  • The average score is 6 of 11
Answer Stats
Hint Answer % Correct
m m m bulls michael jordan
93%
l l l cavs lebron james
87%
k k k lakers kobe bryant
81%
m m m lakers magic johnson
74%
l l l celtics larry bird
73%
s s s warriors stephen curry
69%
b b b celtics bill russell
55%
k k k warriors kevin durant
38%
j j j lakers jerry west
35%
w w w lakers wilt chamberlin
17%
k k k lakers karrem abdul jabbar
9%
No matching quizzes found
Score Distribution
Percent of People with Each Score
Percentile by Number Answered
Your Score History
You have not taken this quiz